| 000 | 00630nam a22001937a 4500 | ||
|---|---|---|---|
| 003 | OSt | ||
| 008 | 260605b |||||||| |||| 00| 0 eng d | ||
| 020 | _a9789386200655 | ||
| 082 |
_a631.5 _bK96K |
||
| 100 | _aKumar,, Dileep | ||
| 245 |
_aKrishi Tatha Baagvaani Phaslon Ke Sidhhant Evam Prodyogiki/ _bby Dileep Kumar, Moti Lal Mina, Dhiraj Singh |
||
| 260 |
_aDelhi: _bSatish Serial Publishing House, _c2019 |
||
| 300 | _aviii, 293 p. | ||
| 650 | _aAgriculture and related technologies | ||
| 650 | _aCultivation and harvesting / Crop production | ||
| 700 | _aMina Moti Lal | ||
| 700 | _aSingh, Dhiraj | ||
| 942 |
_2ddc _cBK |
||
| 999 |
_c51533 _d51533 |
||